Stereodynamics of molecular systems : proceedings of a symposium held at the State University of New York at Albany, 23-24 April 1979 /

Bibliographic Details
Corporate Authors: State University of New York at Albany. Department of Chemistry, State University of New York at Albany. Institute of Biomolecular Stereodynamics
Other Authors: Sarma, Ramaswamy H., 1939-
Format: Book
Language:English
Published: New York : Pergamon Press, [1979]
Subjects:

MARC

Tag First Indicator Second Indicator Subfields
LEADER 00000pam a2200000 i 4500
001 in00000030634
005 20151007062950.0
008 790809s1979 nyuaf b 10100 eng
010 |a  79019669  
020 |a 008024629X 
035 |a (OCoLC)05333791 
035 |9 AAD6215AM 
040 |a DLC  |c DLC  |d TXA  |d UtOrBLW 
049 |a TXAM  |c [981542] 
050 0 0 |a QP620  |b .C66 1979 
082 0 |a 574.1/9283 
245 0 0 |a Stereodynamics of molecular systems :  |b proceedings of a symposium held at the State University of New York at Albany, 23-24 April 1979 /  |c edited by Ramaswamy H. Sarma. 
264 1 |a New York :  |b Pergamon Press,  |c [1979] 
264 4 |c ©1979 
300 |a xi, 460 pages, 8 unnumbered leaves of plates :  |b illustrations ;  |c 25 cm. 
336 |a text  |b txt  |2 rdacontent 
337 |a unmediated  |b n  |2 rdamedia 
338 |a volume  |b nc  |2 rdacarrier 
500 |a Sponsored by the Dept. of Chemistry and Institute of Biomolecular Stereodynamics of the State University of New York at Albany. 
504 |a Includes bibliographical references and index. 
650 0 |a Nucleic acids  |x Spectra  |x Congresses. 
650 0 |a Nuclear magnetic resonance spectroscopy  |v Congresses. 
650 0 |a Stereochemistry  |v Congresses. 
650 0 |a Molecular spectra  |x Congresses. 
700 1 |a Sarma, Ramaswamy H.,  |d 1939- 
710 2 |a State University of New York at Albany.  |b Department of Chemistry. 
710 2 |a State University of New York at Albany.  |b Institute of Biomolecular Stereodynamics. 
999 |a MARS 
999 f f |s 580de705-8739-30da-8e3f-5327a12596d9  |i 6808c354-6841-3c25-af19-2c55eb408299  |t 0 
952 f f |p ric  |a Texas A&M University  |b Rellis Campus  |c Joint Library Facility  |d Remote Storage  |t 0  |e QP620 .C66 1979  |h Library of Congress classification  |i unmediated -- volume  |m A14805028034 
998 f f |a QP620 .C66 1979  |t 0  |l Remote Storage